BIBLIOTECA PODER JUDICIAL
Portal Judicial TDF

Mujeres gestantes en conflicto con el proyecto maternal : (Registro nro. 6241)

000 -LEADER
fixed length control field 01217nab a22002297a 4500
003 - CONTROL NUMBER IDENTIFIER
control field OSt
005 - DATE AND TIME OF LATEST TRANSACTION
control field 20260127190736.0
008 - FIXED-LENGTH DATA ELEMENTS--GENERAL INFORMATION
fixed length control field 190514b xxu||||| |||| 00| 0 spa d
040 ## - CATALOGING SOURCE
Transcribing agency PJ
100 ## - MAIN ENTRY--PERSONAL NAME
9 (RLIN) 5660
Personal name Zuccarini, Ayelén
245 10 - TITLE STATEMENT
Title Mujeres gestantes en conflicto con el proyecto maternal :
Remainder of title ¿una real encrucijada entre perspectiva de género e interés superior del niño o niña? /
Statement of responsibility, etc Ayelén Zuccarini.
300 ## - PHYSICAL DESCRIPTION
Extent p. 60-68
500 ## - GENERAL NOTE
General note Cita: TR LALEY AR/DOC/1585/2025.
505 ## - FORMATTED CONTENTS NOTE
Formatted contents note Sumario: I. Introducción.— II. Plataforma fáctica.— III. La familia: ¿a pesar de todo?— IV. Texto y contexto de las decisiones de las mujeres contrarias al proyecto materno.— V. Breves palabras de cierre.
505 ## - FORMATTED CONTENTS NOTE
Title Fallo comentado: JFlia. Nro. 1, Trenque Lauquen ~ 25/11/2024 ~ C., F. A. s/ medidas precautorias (art. 232 del CPCC).
650 #0 - SUBJECT ADDED ENTRY--TOPICAL TERM
9 (RLIN) 967
Topical term or geographic name as entry element DERECHO DE FAMILIA
650 #0 - SUBJECT ADDED ENTRY--TOPICAL TERM
9 (RLIN) 4097
Topical term or geographic name as entry element INTERES SUPERIOR DEL NIÑO
650 #0 - SUBJECT ADDED ENTRY--TOPICAL TERM
9 (RLIN) 4044
Topical term or geographic name as entry element PERSPECTIVA DE GÉNERO
650 #0 - SUBJECT ADDED ENTRY--TOPICAL TERM
9 (RLIN) 1057
Topical term or geographic name as entry element JURISPRUDENCIA APLICABLE
773 0# - HOST ITEM ENTRY
Host Biblionumber 2844
Host Itemnumber 3222
Place, publisher, and date of publication Buenos Aires : AbeledoPerrot, 1989-
Title Derecho de familia. Revista Interdisciplinaria de doctrina y jurisprudencia. Agosto 2025-IV.
International Standard Book Number 18511201
942 ## - ADDED ENTRY ELEMENTS (KOHA)
Source of classification or shelving scheme
Koha item type Analítica Artículo de Revista

No hay ítems disponibles.

12 de Octubre 789 Ushuaia - Tel:  54(02901)441571
Horario de Atención: 8.00 a 17.00 hs. 
bibliotecaush@justierradelfuego.gov.ar
koha@justierradelfuego.gov.ar
Seguinos en nuestras redes @bibliojustdf 

Con tecnología Koha